[Event "FRA-chT3 Gr8 0203"]
[Site "France"]
[Date "2003.01.19"]
[Round "5"]
[White "Jomand, Romain"]
[Black "Marquet, Mathieu"]
[Result "0-1"]
[WhiteElo "1570"]
[BlackElo "2020"]
[PlyCount "56"]
[EventDate "2002.10.??"]
[EventType "team"]
[EventRounds "9"]
[EventCountry "FRA"]
[SourceTitle "EXT 2005"]
[Source "ChessBase"]
[SourceDate "2004.11.15"]
[SourceVersion "1"]
[SourceVersionDate "2004.11.15"]
[SourceQuality "1"]

1. e4 c6 2. Nf3 d5 3. exd5 cxd5 4. d4 Nf6 5. Nc3 Bg4 6. Be2 e6 7. 0-0 Be7 8. h3 Bh5 9. Re1 Nc6 10. Ne5 Bxe2 11. Rxe2 0-0 12. Re3 Qb6 13. Nxc6 Qxc6 14. Qd3 Rfc8 15. Rf3 Ne4 16. Bd2 b5 17. Re1 Nxd2 18. Qxd2 b4 19. Qf4 Bf6 20. Rg3 Qc7 21. Qxf6 Qxg3 22. Qe7 Qb8 23. Ne2 Rxc2 24. Nf4 Qxf4 25. Rf1 Qxd4 26. Qb7 Rac8 27. Kh2 Qf4+ 28. g3 Rxf2+ 0-1